Normal view
MARC view
- Duncan.R,Ernest
Entry Personal Name
001 - CONTROL NUMBER
- control field: 101977
003 - CONTROL NUMBER IDENTIFIER
- control field: NUST
005 - DATE AND TIME OF LATEST TRANSACTION
- control field: 20221031130344.0
008 - FIXED-LENGTH DATA ELEMENTS
- fixed length control field: 221031|| aca||aabn | a|a d
040 ## - CATALOGING SOURCE
- Original cataloging agency: NUST
- Transcribing agency: NUST
100 ## - HEADING--PERSONAL NAME
- Personal name: Duncan.R,Ernest
670 ## - SOURCE DATA FOUND
- Source citation: Work cat.: (NUST)179964: Duncan.R,Ernest, Modern school mathematics; structure and use / , 1970
